<?xml version="1.0" encoding="UTF-8"?><marc:collection xmlns:marc="http://www.loc.gov/MARC21/slim">
  <marc:record>
    <marc:leader>00000nam  2200000za 4500</marc:leader>
    <marc:controlfield tag="001">9.822800</marc:controlfield>
    <marc:controlfield tag="003">CaOODSP</marc:controlfield>
    <marc:controlfield tag="005">20241203113639</marc:controlfield>
    <marc:controlfield tag="007">cr |||||||||||</marc:controlfield>
    <marc:controlfield tag="008">160817s2013    quc     oz   f000 0 eng d</marc:controlfield>
    <marc:datafield tag="040" ind1=" " ind2=" ">
      <marc:subfield code="a">CaOODSP</marc:subfield>
      <marc:subfield code="b">eng</marc:subfield>
    </marc:datafield>
    <marc:datafield tag="043" ind1=" " ind2=" ">
      <marc:subfield code="a">n-cn---</marc:subfield>
    </marc:datafield>
    <marc:datafield tag="086" ind1="1" ind2=" ">
      <marc:subfield code="a">En164-31/2013E-PDF</marc:subfield>
    </marc:datafield>
    <marc:datafield tag="240" ind1="0" ind2="0">
      <marc:subfield code="a">Treaties, etc.</marc:subfield>
      <marc:subfield code="g">United States,</marc:subfield>
      <marc:subfield code="d">1978 Nov. 22.</marc:subfield>
      <marc:subfield code="k">Protocols, etc.,</marc:subfield>
      <marc:subfield code="d">2012 Sept. 7</marc:subfield>
    </marc:datafield>
    <marc:datafield tag="245" ind1="0" ind2="0">
      <marc:subfield code="a">Great Lakes Water Quality Agreement </marc:subfield>
      <marc:subfield code="h">[electronic resource] : </marc:subfield>
      <marc:subfield code="b">Protocol Amending the Agreement Between Canada and the United States of America on Great Lakes Water Quality, 1978, as Amended on October 16, 1983, and on November 18, 1987 : signed September 7, 2012, entered into force February 12, 2013.</marc:subfield>
    </marc:datafield>
    <marc:datafield tag="246" ind1="3" ind2="0">
      <marc:subfield code="a">Protocol Amending the Agreement Between Canada and the United States of America on Great Lakes Water Quality, 1978, as Amended on October 16, 1983, and on November 18, 1987 : </marc:subfield>
      <marc:subfield code="b">signed September 7, 2012, entered into force February 12, 2013</marc:subfield>
    </marc:datafield>
    <marc:datafield tag="260" ind1=" " ind2=" ">
      <marc:subfield code="a">Gatineau, QC : </marc:subfield>
      <marc:subfield code="b">Environment Canada ; </marc:subfield>
      <marc:subfield code="a">Chicago, IL : </marc:subfield>
      <marc:subfield code="b">United States Environment Protection Agency, Great Lakes National Program Office, </marc:subfield>
      <marc:subfield code="c">[2013?]</marc:subfield>
    </marc:datafield>
    <marc:datafield tag="300" ind1=" " ind2=" ">
      <marc:subfield code="a">54 p.</marc:subfield>
    </marc:datafield>
    <marc:datafield tag="500" ind1=" " ind2=" ">
      <marc:subfield code="a">Cover title.</marc:subfield>
    </marc:datafield>
    <marc:datafield tag="500" ind1=" " ind2=" ">
      <marc:subfield code="a">Issued also in French under title: Accord relatif à la qualité de l'eau dans les Grands Lacs : protocole amendant l'Accord de 1978 entre le Canada et les États-Unis d'Amérique relatif à la qualité de l'eau dans les Grands Lacs, tel qu'il a été modifié le 16 octobre 1983 et le 18 novembre 1987 : signé le 7 septembre 2012, entré en vigueur le 12 février 2013.</marc:subfield>
    </marc:datafield>
    <marc:datafield tag="530" ind1=" " ind2=" ">
      <marc:subfield code="a">Issued also in printed form.</marc:subfield>
    </marc:datafield>
    <marc:datafield tag="692" ind1="0" ind2="7">
      <marc:subfield code="2">gccst</marc:subfield>
      <marc:subfield code="a">Lakes</marc:subfield>
    </marc:datafield>
    <marc:datafield tag="692" ind1="0" ind2="7">
      <marc:subfield code="2">gccst</marc:subfield>
      <marc:subfield code="a">Water quality</marc:subfield>
    </marc:datafield>
    <marc:datafield tag="692" ind1="0" ind2="7">
      <marc:subfield code="2">gccst</marc:subfield>
      <marc:subfield code="a">International agreements</marc:subfield>
    </marc:datafield>
    <marc:datafield tag="710" ind1="1" ind2=" ">
      <marc:subfield code="a">Canada. </marc:subfield>
      <marc:subfield code="b">Environment Canada.</marc:subfield>
    </marc:datafield>
    <marc:datafield tag="710" ind1="1" ind2=" ">
      <marc:subfield code="a">United States. </marc:subfield>
      <marc:subfield code="b">Environmental Protection Agency. </marc:subfield>
      <marc:subfield code="b">Great Lakes National Program Office.</marc:subfield>
    </marc:datafield>
    <marc:datafield tag="710" ind1="1" ind2=" ">
      <marc:subfield code="a">United States.</marc:subfield>
      <marc:subfield code="t">Treaties, etc.</marc:subfield>
      <marc:subfield code="g">Canada,</marc:subfield>
      <marc:subfield code="d">1978 November 22.</marc:subfield>
      <marc:subfield code="k">Protocols, etc.,</marc:subfield>
      <marc:subfield code="d">2012 September 7.</marc:subfield>
    </marc:datafield>
    <marc:datafield tag="775" ind1="0" ind2="8">
      <marc:subfield code="t">Accord relatif à la qualité de l'eau dans les Grands Lacs </marc:subfield>
      <marc:subfield code="w">(CaOODSP)9.822801</marc:subfield>
    </marc:datafield>
    <marc:datafield tag="776" ind1="0" ind2="#">
      <marc:subfield code="t">Great Lakes Water Quality Agreement : </marc:subfield>
      <marc:subfield code="w">(CaOODSP)9.652748</marc:subfield>
    </marc:datafield>
    <marc:datafield tag="856" ind1="4" ind2="0">
      <marc:subfield code="q">PDF</marc:subfield>
      <marc:subfield code="s">495 KB</marc:subfield>
      <marc:subfield code="u">https://publications.gc.ca/collections/collection_2016/eccc/En164-31-2013-eng.pdf</marc:subfield>
    </marc:datafield>
  </marc:record>
</marc:collection>
